Python for Data Analysis
Zapisane w:
| 1. autor: | |
|---|---|
| Format: | Książka |
| Wydane: |
shroff
|
| Hasła przedmiotowe: | |
| Etykiety: |
Nie ma etykietki, Dołącz pierwszą etykiete!
|
MARC
| LEADER | 00000nam a2200000Ia 4500 | ||
|---|---|---|---|
| 005 | 20260427112654.0 | ||
| 526 | |b Data Science | ||
| 100 | |a Wes McKinney | ||
| 020 | |a 9781491957660 | ||
| 650 | |a Programming | ||
| 526 | |a Bachelors | ||
| 942 | |c BK | ||
| 245 | |a Python for Data Analysis | ||
| 260 | |b shroff | ||
| 999 | |c 43 |d 43 | ||
| 952 | |0 0 |1 0 |4 0 |7 0 |8 2 |a BRISTOL |b BRISTOL |d 2026-04-22 |l 0 |p 000035 |r 2026-04-27 11:26:55 |w 2026-04-27 |y BK | ||